| 000 | 00388nam a22001457a 4500 | ||
|---|---|---|---|
| 003 | MACL | ||
| 005 | 20170401124559.0 | ||
| 008 | 170401b xxu||||| |||| 00| 0 eng d | ||
| 040 | _cMACL | ||
| 100 |
_aSuryavanshi Rahul _966913 |
||
| 245 | _a140 Great Art and Crafts From Everyday Materials for Kids | ||
| 260 |
_aDelhi _bSaroj Books _c2015 |
||
| 650 |
_aChildren _966914 |
||
| 942 |
_2ddc _cBK |
||
| 999 |
_c56175 _d56175 |
||